[Event "Mittelfrank Regionalliga Nord-West 2223"]
[Site "Mittelfranken"]
[Date "2023.01.15"]
[Round "5.8"]
[White "Kunert, Sebastian"]
[Black "Zoeller, Bernd"]
[Result "1/2-1/2"]
[WhiteElo "1764"]
[BlackElo "1846"]
[PlyCount "38"]
[EventDate "2022.10.09"]
[EventType "team-tourn"]
[EventRounds "9"]
[EventCountry "GER"]
[SourceTitle "EXT 2024"]
[Source "ChessBase"]
[SourceDate "2023.10.10"]
[SourceVersion "1"]
[SourceVersionDate "2023.10.10"]
[SourceQuality "1"]
[WhiteTeam "Stetten"]
[BlackTeam "Klingenberg"]
[WhiteTeamCountry "GER"]
[BlackTeamCountry "GER"]

1. e4 e6 2. Nc3 d5 3. d4 dxe4 4. Nxe4 Nd7 5. Nf3 Ngf6 6. Bg5 Be7 7. Nxf6+ Bxf6 8. Qd2 Bxg5 9. Qxg5 Qxg5 10. Nxg5 0-0 11. 0-0-0 b6 12. Bb5 Nf6 13. Bc6 Rb8 14. f3 Bb7 15. Bxb7 Rxb7 16. Ne4 Nd5 17. Rhe1 c6 18. c4 Ne7 19. Nc3 Rd7 1/2-1/2

[Event "Mittelfrank Regionalliga Nord-West 2223"]
[Site "Mittelfranken"]
[Date "2022.10.23"]
[Round "2.7"]
[White "Zoeller, Bernd"]
[Black "Schmitt, Guenter"]
[Result "1/2-1/2"]
[WhiteElo "1846"]
[BlackElo "1944"]
[PlyCount "24"]
[EventDate "2022.10.09"]
[EventType "team-tourn"]
[EventRounds "9"]
[EventCountry "GER"]
[SourceTitle "EXT 2024"]
[Source "ChessBase"]
[SourceDate "2023.10.10"]
[SourceVersion "1"]
[SourceVersionDate "2023.10.10"]
[SourceQuality "1"]
[WhiteTeam "Klingenberg"]
[BlackTeam "Rottendorf"]
[WhiteTeamCountry "GER"]
[BlackTeamCountry "GER"]

1. e4 c5 2. Nc3 Nc6 3. g3 g6 4. Bg2 Bg7 5. d3 e6 6. Nge2 d6 7. Be3 Nd4 8. 0-0 Ne7 9. Qd2 0-0 10. Nd1 Rb8 11. c3 Nxe2+ 12. Qxe2 b5 1/2-1/2

[Event "Landesliga Nord 1920"]
[Site "Bayern"]
[Date "2020.02.09"]
[Round "6.7"]
[White "Zoeller, Bernd"]
[Black "Riemer, Ralf"]
[Result "0-1"]
[WhiteElo "1881"]
[BlackElo "2044"]
[PlyCount "50"]
[EventDate "2019.09.29"]
[EventType "team-tourn"]
[EventRounds "9"]
[EventCountry "GER"]
[SourceTitle "EXT 2021"]
[Source "ChessBase"]
[SourceDate "2020.10.23"]
[SourceVersion "1"]
[SourceVersionDate "2020.10.23"]
[SourceQuality "1"]
[WhiteTeam "Klingenberg"]
[BlackTeam "Bamberg SC"]
[WhiteTeamCountry "GER"]
[BlackTeamCountry "GER"]

1. e4 e5 2. Nf3 Nf6 3. Nc3 Bb4 4. d3 0-0 5. Be2 d5 6. exd5 Nxd5 7. Bd2 Nxc3 8. bxc3 Bd6 9. 0-0 b6 10. Ng5 Bb7 11. Bf3 c6 12. Re1 Nd7 13. c4 Qc7 14. g3 Rae8 15. Ne4 Be7 16. Bg2 f5 17. Ng5 Bf6 18. f4 h6 19. Nf3 e4 20. dxe4 Bxa1 21. Qxa1 Rxe4 22. Nd4 Rxe1+ 23. Qxe1 Nc5 24. Bb4 Qd7 25. Qe5 Re8 0-1

[Event "Regionalliga NW 1516"]
[Site "Bayern"]
[Date "2016.01.31"]
[Round "6.5"]
[White "Zoeller, Bernd"]
[Black "Weck, Hans"]
[Result "1-0"]
[WhiteElo "1936"]
[BlackElo "1962"]
[PlyCount "85"]
[EventDate "2015.10.11"]
[EventType "team-tourn"]
[EventRounds "9"]
[EventCountry "GER"]
[SourceTitle "EXT 2018"]
[Source "ChessBase"]
[SourceDate "2017.10.13"]
[SourceVersion "1"]
[SourceVersionDate "2017.10.13"]
[SourceQuality "1"]
[WhiteTeam "Klingenberg"]
[BlackTeam "Bad Neustadt"]
[WhiteTeamCountry "GER"]
[BlackTeamCountry "GER"]

1. d4 d6 2. e4 Nf6 3. Nc3 g6 4. Bc4 Bg7 5. Qe2 Nc6 6. Nf3 Bg4 7. Be3 e5 8. Bb5 exd4 9. Bxd4 0-0 10. Bxc6 bxc6 11. h3 Bd7 12. 0-0 Re8 13. Qc4 c5 14. Be3 Bc6 15. e5 Nd7 16. exd6 cxd6 17. Qf4 Ne5 18. Nd2 Rb8 19. Rab1 Qe7 20. Rfe1 d5 21. Ne2 d4 22. Nxd4 cxd4 23. Bxd4 Qd6 24. Kh1 Rbd8 25. c3 Qd5 26. f3 Nd3 27. Rxe8+ Bxe8 28. Qc7 Bxd4 29. cxd4 Qxd4 30. Ne4 f5 31. Ng3 Bf7 32. Kh2 h5 33. Rd1 Rd7 34. Qc8+ Kh7 35. Ne2 Qd6+ 36. g3 Re7 37. Nf4 Re3 38. Qc3 h4 39. Rxd3 hxg3+ 40. Kxg3 g5 41. Rxd6 gxf4+ 42. Kxf4 Rxc3 43. bxc3 1-0

[Event "Regionalliga NW 1516"]
[Site "Bayern"]
[Date "2015.11.15"]
[Round "3.5"]
[White "Zoeller, Bernd"]
[Black "Becker, Alexander1111"]
[Result "1/2-1/2"]
[WhiteElo "1936"]
[BlackElo "1944"]
[PlyCount "22"]
[EventDate "2015.10.11"]
[EventType "team-tourn"]
[EventRounds "9"]
[EventCountry "GER"]
[SourceTitle "EXT 2018"]
[Source "ChessBase"]
[SourceDate "2017.10.13"]
[SourceVersion "1"]
[SourceVersionDate "2017.10.13"]
[SourceQuality "1"]
[WhiteTeam "Klingenberg"]
[BlackTeam "Kronach"]
[WhiteTeamCountry "GER"]
[BlackTeamCountry "GER"]

1. d4 Nf6 2. Bg5 c5 3. Bxf6 gxf6 4. dxc5 Na6 5. e4 Nxc5 6. Nc3 a6 7. Bc4 e6 8. a4 Qa5 9. Bd3 d6 10. Nge2 Bd7 11. 0-0 Nxd3 1/2-1/2

[Event "Landesliga Nord 1415"]
[Site "Bayern"]
[Date "2014.10.19"]
[Round "1.6"]
[White "Zoeller, Bernd"]
[Black "Krauseneck, Peter"]
[Result "0-1"]
[WhiteElo "1936"]
[BlackElo "2144"]
[PlyCount "92"]
[EventDate "2014.10.19"]
[EventType "team-tourn"]
[EventRounds "9"]
[EventCountry "GER"]
[SourceTitle "EXT 2018"]
[Source "ChessBase"]
[SourceDate "2017.10.13"]
[SourceVersion "1"]
[SourceVersionDate "2017.10.13"]
[SourceQuality "1"]
[WhiteTeam "Klingenberg"]
[BlackTeam "Bamberg SC"]
[WhiteTeamCountry "GER"]
[BlackTeamCountry "GER"]

1. e4 e6 2. d4 d5 3. exd5 exd5 4. Bd3 Bd6 5. Ne2 Ne7 6. Bg5 f6 7. Bf4 Be6 8. Qd2 Nbc6 9. c3 g5 10. Qe3 Bf7 11. Bxd6 Qxd6 12. Qg3 Qd7 13. Nd2 0-0-0 14. Nb3 Bg6 15. Nc5 Qe8 16. 0-0-0 b6 17. Qh3+ Kb8 18. Na6+ Kb7 19. Rhe1 Qf7 20. a3 Na5 21. Qg3 Nf5 22. Qh3 Nd6 23. Nb4 Nac4 24. Qf3 Be4 25. Bxe4 dxe4 26. Qh3 f5 27. d5 Ne5 28. Nd4 a5 29. Nbc6 Rde8 30. Nxe5 Rxe5 31. Ne6 f4 32. c4 e3 33. fxe3 Nxc4 34. e4 Ne3 35. Rxe3 fxe3 36. Qxe3 Re8 37. Qd4 R8xe6 38. dxe6 Qf4+ 39. Qd2 Qxe4 40. b3 Rc5+ 41. Kb2 Qxe6 42. Qd4 a4 43. bxa4 h5 44. Rd2 g4 45. g3 Qc6 46. Qd7 Rc2+ 0-1

[Event "Regionalliga NW 1213"]
[Site "Bayern"]
[Date "2012.11.25"]
[Round "3.7"]
[White "Deml, Tilo"]
[Black "Zoeller, Bernd"]
[Result "1-0"]
[WhiteElo "1935"]
[BlackElo "1860"]
[PlyCount "95"]
[EventDate "2012.10.14"]
[EventType "team-tourn"]
[EventRounds "9"]
[EventCountry "GER"]
[SourceTitle "EXT 2015"]
[Source "ChessBase"]
[SourceDate "2014.11.20"]
[SourceVersion "1"]
[SourceVersionDate "2014.11.20"]
[SourceQuality "1"]
[WhiteTeam "Marktleuthen"]
[BlackTeam "Klingenberg/Main"]
[WhiteTeamCountry "GER"]
[BlackTeamCountry "GER"]

1. c4 e5 2. Nc3 Nf6 3. g3 Be7 4. Bg2 0-0 5. d3 d6 6. e4 Nc6 7. Nge2 Bd7 8. 0-0 Qc8 9. f4 Bg4 10. f5 Nd4 11. h3 Bxe2 12. Nxe2 Nxe2+ 13. Qxe2 Nd7 14. g4 Qd8 15. Be3 Bg5 16. Rad1 c5 17. Qd2 h6 18. Bf3 Nb8 19. Kg2 Nc6 20. Rh1 Bxe3 21. Qxe3 Qh4 22. Qf2 Qxf2+ 23. Kxf2 Nd4 24. h4 f6 25. g5 Nxf3 26. Kxf3 hxg5 27. hxg5 fxg5 28. Rh5 Kf7 29. Rxg5 Rh8 30. Rdg1 Rh3+ 31. Ke2 Rh7 32. R1g2 Rd8 33. Rg6 Rd7 34. Kd2 Ke8 35. Kc3 Kd8 36. a3 Kc7 37. b4 b6 38. a4 Kb7 39. a5 Kb8 40. axb6 axb6 41. b5 Kb7 42. Rg1 Kb8 43. Ra1 Rh8 44. Rg2 Rb7 45. Ra6 Rh7 46. Rg6 Kc7 47. Ra2 Kd7 48. Rag2 1-0

[Event "Landesliga Nord 1112"]
[Site "Bayern"]
[Date "2012.03.18"]
[Round "8.7"]
[White "Vreugdenhil, Frans"]
[Black "Zoeller, Bernd"]
[Result "1-0"]
[WhiteElo "2001"]
[BlackElo "1867"]
[PlyCount "79"]
[EventDate "2011.10.02"]
[EventType "team-tourn"]
[EventRounds "9"]
[EventCountry "GER"]
[SourceTitle "EXT 2015"]
[Source "ChessBase"]
[SourceDate "2014.11.20"]
[SourceVersion "1"]
[SourceVersionDate "2014.11.20"]
[SourceQuality "1"]
[WhiteTeam "Obernau"]
[BlackTeam "Klingenberg/Main"]
[WhiteTeamCountry "GER"]
[BlackTeamCountry "GER"]

1. e4 c6 2. d4 d5 3. exd5 cxd5 4. c4 Nf6 5. Nc3 Nc6 6. Nf3 e6 7. Bd3 dxc4 8. Bxc4 Be7 9. 0-0 0-0 10. Bf4 Qb6 11. Nb5 Nd5 12. Bxd5 Qxb5 13. Be4 Rd8 14. Be3 Bf6 15. Qd2 Bd7 16. Rac1 Be7 17. Rfd1 Nb4 18. a3 Nd5 19. Bg5 f6 20. Bh4 Bc6 21. Bg3 Rd7 22. Qc2 h6 23. Re1 Qa4 24. Bh7+ Kh8 25. Rxe6 Qxc2 26. Bxc2 Nc7 27. Ree1 Bd6 28. Bf5 Rdd8 29. Nh4 Nb5 30. Ng6+ Kg8 31. Bxd6 Rxd6 32. Ne7+ Kf8 33. Nxc6 bxc6 34. Re6 Rad8 35. h3 Nxd4 36. Rxd6 Rxd6 37. Bg4 f5 38. Bd1 Ke7 39. Kf1 Re6 40. Ba4 1-0

[Event "Landesliga Nord 1112"]
[Site "Bayern"]
[Date "2011.11.20"]
[Round "3.7"]
[White "Haubold, Martin"]
[Black "Zoeller, Bernd"]
[Result "1-0"]
[WhiteElo "2019"]
[BlackElo "1867"]
[PlyCount "43"]
[EventDate "2011.10.02"]
[EventType "team-tourn"]
[EventRounds "9"]
[EventCountry "GER"]
[SourceTitle "EXT 2013"]
[Source "ChessBase"]
[SourceDate "2012.11.22"]
[SourceVersion "1"]
[SourceVersionDate "2012.11.22"]
[SourceQuality "1"]
[WhiteTeam "Nuernberg NT II"]
[BlackTeam "Klingenberg/Main"]
[WhiteTeamCountry "GER"]
[BlackTeamCountry "GER"]

1. d4 Nf6 2. Bg5 d5 3. Bxf6 gxf6 4. c4 c6 5. cxd5 cxd5 6. Nc3 Nc6 7. e3 e6 8. Bd3 Qb6 9. Rb1 Nb4 10. Bb5+ Bd7 11. Bxd7+ Kxd7 12. a3 Nc6 13. Qh5 Ke8 14. Nge2 f5 15. Nf4 Ne7 16. 0-0 Rc8 17. Na4 Qc6 18. Nc5 e5 19. dxe5 Qxc5 20. e6 Ng6 21. exf7+ Kxf7 22. Nxg6 1-0

[Event "Regionalliga NW 1011"]
[Site "Bayern"]
[Date "2010.10.10"]
[Round "1.7"]
[White "Pabel, Ralph"]
[Black "Zoeller, Bernd"]
[Result "1/2-1/2"]
[WhiteElo "1789"]
[BlackElo "1867"]
[PlyCount "47"]
[EventDate "2010.10.10"]
[EventType "team-tourn"]
[EventRounds "9"]
[EventCountry "GER"]
[SourceTitle "EXT 2012"]
[Source "ChessBase"]
[SourceDate "2011.11.24"]
[SourceVersion "1"]
[SourceVersionDate "2011.11.24"]
[SourceQuality "1"]
[WhiteTeam "Mainaschaff"]
[BlackTeam "Klingenberg"]
[WhiteTeamCountry "GER"]
[BlackTeamCountry "GER"]

1. c4 e5 2. g3 Nf6 3. Bg2 Bc5 4. Nc3 0-0 5. e3 Re8 6. Nge2 Nc6 7. 0-0 d6 8. d4 Bb6 9. Na4 Qe7 10. Nxb6 axb6 11. d5 Nb8 12. a3 Bf5 13. Nc3 e4 14. Nb5 Na6 15. Bd2 Bg4 16. Qc2 h6 17. Bc3 Nh7 18. b4 Ng5 19. Nd4 Bh3 20. Qb2 Qd7 21. f4 exf3 22. Nxf3 f6 23. Bd4 Re7 24. Bxh3 1/2-1/2

[Event "Landesliga Nord 0910"]
[Site "Bayern"]
[Date "2010.02.28"]
[Round "7.7"]
[White "Maurer, Christian"]
[Black "Zoeller, Bernd"]
[Result "1-0"]
[WhiteElo "2037"]
[BlackElo "1867"]
[PlyCount "119"]
[EventDate "2009.10.18"]
[EventType "team-tourn"]
[EventRounds "9"]
[EventCountry "GER"]
[SourceTitle "EXT 2011"]
[Source "ChessBase"]
[SourceDate "2010.11.26"]
[SourceVersion "1"]
[SourceVersionDate "2010.11.26"]
[SourceQuality "1"]
[WhiteTeam "Kelheim"]
[BlackTeam "Klingenberg"]
[WhiteTeamCountry "GER"]
[BlackTeamCountry "GER"]

1. d4 Nf6 2. Nf3 e6 3. e3 b6 4. Bd3 Bb7 5. 0-0 Be7 6. b3 0-0 7. Bb2 d5 8. Nbd2 Nbd7 9. c4 c5 10. Qe2 Bd6 11. Rac1 Qe7 12. Bb1 Rac8 13. Ne5 cxd4 14. exd4 Ba3 15. Bxa3 Qxa3 16. f4 Qd6 17. Nxd7 Qxd7 18. c5 Rc7 19. Nf3 Rfc8 20. Ne5 Qe8 21. b4 Qa4 22. Qb2 Ne4 23. Rf3 a5 24. Ra3 Qxb4 25. Rb3 Qd2 26. Qxd2 Nxd2 27. Rxb6 f6 28. Nf3 Nxf3+ 29. gxf3 Bc6 30. Bd3 Ra8 31. Kf2 g6 32. Rcb1 Kf7 33. Ke3 Ke7 34. h4 f5 35. Kf2 Kf6 36. Rh1 Rcc8 37. Rhb1 Rc7 38. Ba6 Raa7 39. R1b3 Kf7 40. Ke3 Kf6 41. Ra3 a4 42. Rc3 Ra8 43. Rc1 Raa7 44. a3 Ke7 45. Kd2 Kd7 46. Rcb1 Ra8 47. Kc3 Raa7 48. Bd3 Ra8 49. Rb8 Rc8 50. Rxa8 Rxa8 51. Rb6 h6 52. Kb4 Rg8 53. Bb5 Bxb5 54. Kxb5 g5 55. c6+ Kc7 56. Rb7+ Kc8 57. fxg5 hxg5 58. hxg5 Rxg5 59. Kc5 Rg1 60. Rh7 1-0